| 000 | 01060nam a2200361Ia 4500 | ||
|---|---|---|---|
| 001 | Z_6208 | ||
| 003 | CHAP | ||
| 008 | 220113s2001 xx 000 0 und d | ||
| 010 | _a169451 | ||
| 020 | _a988-884-465-9 | ||
| 040 | _cCHAP | ||
| 082 | _a581.5 G73 | ||
| 110 |
_aGranados Sánchez, Diódoro _9144144 |
||
| 245 |
_aInteracciones ecológicas de las plantas / _cDiódoro Granados Sánchez, Georgina Florencia López Rios y José Luis Gama Flores |
||
| 260 |
_aMéxico : _bUACh, _c2001 |
||
| 300 | _a227 p. | ||
| 503 | _aej.1: | ||
| 504 | _aBibliografía: p. 220 - 227 | ||
| 650 |
_aEcología vegetal _935188 |
||
| 650 |
_aPlant ecology _9144145 |
||
| 650 |
_aPlant _xinsect relations _9144146 |
||
| 650 |
_aRelaciones planta _xinsecto _9144147 |
||
| 650 |
_aSimbiosis _9106148 |
||
| 650 |
_asymbiosis _9144148 |
||
| 700 |
_a Gama Flores, José Luis, coaut. _9144149 |
||
| 700 |
_aLópez Ríos, Georgina Florencia, coaut. _9144150 |
||
| 901 | _a581.5 G73 | ||
| 902 | _aM | ||
| 910 | _a2001 | ||
| 942 | _c1 | ||
| 942 | _cc1 | ||
| 999 |
_c169451 _d169451 |
||